[Event "Charlotte IM-C MLK 2022"]
[Site "Charlotte"]
[Date "2022.01.15"]
[Round "4.4"]
[White "Vanapalli, Vishnu"]
[Black "Andrianov, Nikolay"]
[Result "1/2-1/2"]
[WhiteElo "2101"]
[BlackElo "1816"]
[Annotator "ChessBase"]
[PlyCount "69"]
[EventDate "2022.01.13"]
[EventType "tourn"]
[EventCountry "USA"]
[SourceTitle "playchess.com"]
[Source "ChessBase"]
[SourceQuality "1"]
[TimeControl "5400+30"]

1. e4 {[%emt 0:00:13]} c5 {[%emt 0:00:01]} 2. Nf3 {[%emt 0:00:15]} g6 {[%emt 0:00:27]} 3. c4 {[%emt 0:00:23]} Nc6 {[%emt 0:01:12]} 4. d4 {[%emt 0:00:21]} cxd4 {[%emt 0:00:05]} 5. Nxd4 {[%emt 0:00:09]} Nf6 {[%emt 0:00:05]} 6. Nc3 {[%emt 0:00:21]} d6 {[%emt 0:00:05]} 7. f3 {[%emt 0:00:26]} Nxd4 {[%emt 0:03:23]} 8. Qxd4 {[%emt 0:01:39]} Bg7 {[%emt 0:00:07]} 9. Be3 {[%emt 0:00:26]} O-O {[%emt 0:00:27]} 10. Qd2 {[%emt 0:00:18]} Be6 {[%emt 0:01:37]} 11. Rc1 {[%emt 0:01:42]} Qa5 {[%emt 0:04:53]} 12. Be2 {[%emt 0:01:31]} Rfc8 {[%emt 0:00:15]} 13. b3 {[%emt 0:00:32]} a6 {[%emt 0:00:16]} 14. Na4 {[%emt 0:01:41]} Qxd2+ {[%emt 0:00:28]} 15. Kxd2 {[%emt 0:00:39]} Nd7 {[%emt 0:00:17]} 16. g4 {[%emt 0:01:42]} f5 {[%emt 0:01:12]} 17. exf5 {[%emt 0:04:13]} gxf5 {[%emt 0:00:33]} 18. h3 {[%emt 0:02:09]} Rf8 {[%emt 0:00:39]} 19. Nc3 {[%emt 0:05:51]} f4 {[%emt 0:05:47]} 20. Bf2 {[%emt 0:01:26]} b5 {[%emt 0:00:23]} 21. Nd5 {[%emt 0:02:04]} Bxd5 {[%emt 0:05:54]} 22. cxd5 {[%emt 0:00:15]} Nf6 {[%emt 0:00:05]} 23. Bd3 {[%emt 0:01:37]} Nxd5 {[%emt 0:00:17]} 24. Be4 {[%emt 0:01:07]} e6 {[%emt 0:00:26]} 25. Bxd5 {[%emt 0:03:27]} exd5 {[%emt 0:00:21]} 26. Rc7 {[%emt 0:26:31]} b4 {[%emt 0:20:32]} 27. Rhc1 {[%emt 0:11:01]} a5 {[%emt 0:02:41]} 28. Rb7 {[%emt 0:04:07]} Rfc8 {[%emt 0:14:50]} 29. Rxc8+ {[%emt 0:08:06]} Rxc8 {[%emt 0:00:19]} 30. Rb5 {[%emt 0:00:33]} Rc3 {[%emt 0:04:19]} 31. Rxa5 {[%emt 0:04:47]} Rxf3 {[%emt 0:00:18]} 32. Ke2 {[%emt 0:00:28]} Rxh3 {[%emt 0:03:57]} 33. Rxd5 {[%emt 0:00:16]} Be5 {[%emt 0:01:44]} 34. Rb5 {[%emt 0:08:00]} Rc3 {[%emt 0:02:50]} 35. Rxb4 {[%emt 0:00:45]} 1/2-1/2

[Event "Charlotte IM-C MLK 2022"]
[Site "Charlotte"]
[Date "2022.01.15"]
[Round "4.5"]
[White "Sethuraman, Sandeep"]
[Black "Ngo, Bach"]
[Result "1/2-1/2"]
[WhiteElo "2361"]
[BlackElo "2300"]
[Annotator "ChessBase"]
[PlyCount "68"]
[EventDate "2022.01.13"]
[EventType "tourn"]
[EventCountry "USA"]
[SourceTitle "playchess.com"]
[Source "ChessBase"]
[SourceQuality "1"]
[TimeControl "5400+30"]

1. d4 {[%emt 0:00:01]} Nf6 {[%emt 0:00:06]} 2. c4 {[%emt 0:00:03]} e6 {[%emt 0:00:06]} 3. Nf3 {[%emt 0:00:03]} b6 {[%emt 0:00:06]} 4. g3 {[%emt 0:00:04]} Bb7 {[%emt 0:00:06]} 5. Bg2 {[%emt 0:00:03]} Bb4+ {[%emt 0:00:07]} 6. Bd2 {[%emt 0:00:04]} c5 {[%emt 0:00:09]} 7. Bxb4 {[%emt 0:00:28]} cxb4 {[%emt 0:00:09]} 8. Qd3 {[%emt 0:00:05]} O-O {[%emt 0:00:14]} 9. O-O {[%emt 0:00:18]} a5 {[%emt 0:00:16]} 10. Nbd2 {[%emt 0:00:08]} d6 {[%emt 0:00:06]} 11. Rac1 {[%emt 0:00:15]} Re8 {[%emt 0:00:50]} 12. Rfd1 {[%emt 0:00:49]} Qc7 {[%emt 0:00:17]} 13. Ne1 {[%emt 0:08:01]} Bxg2 {[%emt 0:00:55]} 14. Nxg2 {[%emt 0:00:28]} Nc6 {[%emt 0:00:19]} 15. Nf3 {[%emt 0:06:34]} e5 {[%emt 0:04:15]} 16. dxe5 {[%emt 0:05:39]} dxe5 {[%emt 0:00:12]} 17. Qf5 {[%emt 0:06:36]} Rad8 {[%emt 0:14:16]} 18. Ne3 {[%emt 0:04:25]} Nd4 {[%emt 0:01:29]} 19. Nxd4 {[%emt 0:00:22]} exd4 {[%emt 0:00:07]} 20. Nd5 {[%emt 0:01:32]} Nxd5 {[%emt 0:00:48]} 21. cxd5 {[%emt 0:00:03]} Qe5 {[%emt 0:00:11]} 22. Qxe5 {[%emt 0:00:28]} Rxe5 {[%emt 0:02:13]} 23. Rxd4 {[%emt 0:03:27]} Rxe2 {[%emt 0:00:08]} 24. b3 {[%emt 0:01:22]} Rxa2 {[%emt 1:15:05]} 25. Rc6 {[%emt 0:00:14]} Rb2 {[%emt 0:00:00]} 26. Rd3 {[%emt 0:00:26]} b5 {[%emt 0:00:00]} 27. Ra6 {[%emt 0:00:42]} a4 {[%emt 0:00:00]} 28. bxa4 {[%emt 0:00:25]} bxa4 {[%emt 0:00:00]} 29. Rxa4 {[%emt 0:00:05]} g6 {[%emt 0:00:00]} 30. d6 {[%emt 0:01:22]} Rd7 {[%emt 0:00:00]} 31. Ra8+ {[%emt 0:02:14]} Kg7 {[%emt 0:00:00]} 32. Re8 {[%emt 0:00:28]} Ra2 {[%emt 0:00:00]} 33. Re7 {[%emt 0:00:24]} Raa7 {[%emt 0:00:00]} 34. Rxd7 {[%emt 0:00:05]} Rxd7 {[%emt 0:00:00]} 1/2-1/2

[Event "Charlotte IM-C MLK 2022"]
[Site "Charlotte"]
[Date "2022.01.16"]
[Round "5.1"]
[White "Ngo, Bach"]
[Black "Fishbein, Mitch"]
[Result "1-0"]
[WhiteElo "2300"]
[BlackElo "2129"]
[Annotator "TA"]
[PlyCount "105"]
[EventDate "2022.01.13"]
[EventType "tourn"]
[EventCountry "USA"]
[SourceTitle "playchess.com"]
[Source "ChessBase"]
[SourceQuality "1"]

{[%evp 14,105,16,10,11,8,15,13,12,7,12,8,17,10,12,13,7,8,29,25,27,32,28,26,43,39,41,41,45,27,53,47,60,13,70,46,98,68,66,75,79,45,119,119,134,124,212,220,219,206,219,219,219,212,222,225,255,258,252,244,262,274,278,270,330,330,322,315,491,514,513,511,558,552,700,672,487,353,556,436,427,388,825,817,789,761,1085,1078,1081,1071,1044,1007,835,800]} 1. d4 {Stohl,I} Nf6 2. Nf3 e6 3. c4 d5 4. Nc3 Bb4 5. Bg5 h6 6. Bxf6 Qxf6 7. Qa4+ Nc6 8. e3 O-O {D38: Queen's Gambit Declined: Ragozin Defence (4 Nf3 Bb4).} 9. Be2 dxc4 10. O-O Bd7 {Threatens to win with ...Bxc3. The position is equal.} 11. Bxc4 Bxc3 12. bxc3 {[%cal Bb2c3,Bc3b4,Bb4b5][%mdl 32]} Rfd8 {[%cal Oc6d4] And now ...Nxd4! would win.} 13. Be2 Be8 {[%cal Oc6d4]} 14. Qa3 Qe7 15. Qb2 Na5 16. Qb4 Qxb4 17. cxb4 Nc6 {[%cal Ba5c6,Bc6e7,Be7d5][%mdl 32] [#]} 18. a3 $146 ({Predecessor:} 18. Rab1 a5 19. bxa5 Nxa5 20. Rfc1 Rdc8 21. Ne1 Ra7 22. Nd3 Nc6 23. Bf3 Nd8 24. Nb4 {1-0 (58) Topalov,V (2798)-Aronian,L (2780) Stavanger 2015 CBM 167 [Stohl,I]}) 18... a5 19. b5 $36 {[%mdl 2048] White fights for an advantage.} Ne7 20. Rfc1 Rac8 21. Rab1 Nd5 22. Ne5 Kf8 23. h4 (23. Bg4 $14 {should be considered.}) 23... Ke7 (23... f6 $11 24. Nc4 Bg6) 24. Bf3 b6 ({Better is} 24... f6 $14) 25. Rb2 f6 26. Nd3 {Hoping for e4. White is much more active. Black has bad knights.} Kf8 27. a4 (27. Kh2 {is more complex.} g5 28. h5 Ne7 29. Ne1 Rd6 30. g4) 27... c6 {[#] Black is now going downhill.} ({Black should play} 27... Rd6 $14) 28. bxc6 $1 $16 Bxc6 29. Bxd5 exd5 (29... Bxd5 $16 {keeps fighting.} 30. Rxc8 (30. Rxb6 Rxc1+ 31. Nxc1 Rc8 $16) 30... Rxc8) 30. Rxb6 $18 Bxa4 31. Ra1 Rc6 32. Rxc6 Bxc6 33. Rxa5 {[%mdl 4096] Endgame KRB-KRN} Rd7 34. Nc5 Re7 35. Ra6 Bb5 36. Rd6 Bc4 37. Ne6+ Kf7 38. Nf4 g5 39. hxg5 ({Much less strong is} 39. Nxd5 $6 Re6 40. Rd8 f5 $18) 39... hxg5 40. Nxd5 Ra7 (40... Bxd5 $142 41. Rxd5 Kg6) 41. Rxf6+ Kg7 42. Rf5 Ra5 43. e4 Kh6 44. Kh2 Bd3 45. Re5 Ra4 (45... Bxe4 {might work better.} 46. Nc7 Rxe5 47. dxe5 Kg6) 46. Ne3 {[#] Black must now prevent f3.} Kg6 47. f3 Ra3 $2 (47... Rxd4 48. Kg3 Kf6) 48. Ng4 {White is clearly winning.} Ra2 49. Kg3 Bf1 50. Ne3 Bd3 51. Kg4 Re2 52. Rxg5+ Kf6 53. Kf4 {Weighted Error Value: White=0.12 (very precise) /Black=0.35} 1-0

[Event "Charlotte IM-C MLK 2022"]
[Site "Charlotte"]
[Date "2022.01.16"]
[Round "5.2"]
[White "Andrianov, Nikolay"]
[Black "Sethuraman, Sandeep"]
[Result "1/2-1/2"]
[WhiteElo "1816"]
[BlackElo "2361"]
[Annotator "TA"]
[PlyCount "100"]
[EventDate "2022.01.13"]
[EventType "tourn"]
[EventCountry "USA"]
[SourceTitle "playchess.com"]
[Source "ChessBase"]
[SourceQuality "1"]

{[%evp 12,100,0,20,-10,-25,-29,-25,-29,-39,-20,-35,-32,-32,0,0,9,-16,-18,-52,-37,-73,-44,-79,-34,-58,-63,-80,-91,-94,-24,-56,-64,-252,-264,-225,-229,-348,-303,-315,-301,-286,-305,-322,-318,-314,-320,-291,-291,-375,-215,-222,-208,-244,-221,-266,-251,-250,-246,-251,-242,-232,-214,-227,-204,-318,-340,-350,-355,-456,-449,-438,-420,-291,7,0,0,0,0,0,8,8,8,8,8,8,8,0,8,8,8]} 1. d4 Nf6 2. Nf3 d5 3. c4 e6 4. g3 dxc4 5. Qa4+ Nbd7 6. Bg2 a6 7. Nc3 c5 {E02: Open Catalan: 5 Qa4+.} 8. Qxc4 b5 9. Qd3 Bb7 {Black has an edge.} 10. O-O Rc8 11. Bg5 {[#]} c4 $146 ({Predecessor:} 11... cxd4 12. Qxd4 Bc5 13. Bxf6 Bxd4 14. Bxd8 Bxc3 15. bxc3 Kxd8 16. Rfc1 Nb6 17. a4 Nxa4 {0-1 (43) Arkell,K (2411)-Player,E (2174) Telford 2018}) 12. Qc2 Be7 (12... b4 $15 {might be stronger.} 13. Nd1 Be7) 13. a3 $11 h6 14. Bxf6 Nxf6 15. e4 {[%cal Od4d5]} O-O 16. Rad1 Qb6 17. d5 Rfd8 (17... Rcd8 $17 {[%cal Re6d5]} 18. dxe6 Qxe6) 18. Bh3 Nd7 19. Rd2 Nc5 20. Rfd1 Nd3 {Prevents Ne5.} ({Better is} 20... Rb8 $17) 21. Bf1 (21. Ne1 {is interesting.} Bg5 22. Re2 Nc5 23. e5 a5 24. d6) 21... exd5 22. Nxd5 ({White has to play} 22. exd5 $15 Nc5 23. Bh3) 22... Bxd5 $19 23. exd5 {[#]} Nxb2 ({Weaker is} 23... Qf6 24. Bxd3 cxd3 25. Qxd3 $16) 24. d6 ({Much worse is} 24. Qxb2 c3 25. Qb3 cxd2 26. Nxd2 Qc5 $19) (24. Re1 {is a better defense.} Bf6 25. Bh3) 24... Nxd1 25. dxe7 Rxd2 26. Qxd2 {[#]} Qxf2+ $1 27. Qxf2 Nxf2 28. Kxf2 Re8 29. Ke3 Rxe7+ 30. Kd4 c3 (30... g5 $142 {Strongly threatening ...f5.} 31. g4 Kg7) 31. Bd3 Rc7 32. Bc2 a5 {Hoping for ...a4.} 33. Kd3 Kf8 34. Nd4 b4 35. axb4 axb4 36. Bb3 g6 37. g4 Kg7 38. h4 (38. Nc2 {was forced.}) 38... Kf6 39. Nc2 Rb7 ({Not} 39... Rd7+ $2 40. Kc4 $19) 40. Kc4 Ke5 41. Nxb4 Kf4 42. Bd1 Rxb4+ $2 43. Kxb4 $11 {The position is equal.} c2 44. Bxc2 Kxg4 {[%mdl 4096] Endgame KB-K3P} 45. Bb3 f5 46. Bf7 g5 47. hxg5 hxg5 48. Be6 $1 Kf4 49. Kc3 g4 {( -> ...g3)} 50. Kd2 g3 {White happily takes the draw.  Weighted Error Value: White=0.28 (precise) /Black=0.29 (precise)} 1/2-1/2

[Event "Charlotte IM-C MLK 2022"]
[Site "Charlotte"]
[Date "2022.01.16"]
[Round "5.3"]
[White "Boehme, Sebastian"]
[Black "Vanapalli, Vishnu"]
[Result "0-1"]
[WhiteElo "2170"]
[BlackElo "2101"]
[Annotator "TA"]
[PlyCount "106"]
[EventDate "2022.01.13"]
[EventType "tourn"]
[EventCountry "USA"]
[SourceTitle "playchess.com"]
[Source "ChessBase"]
[SourceQuality "1"]

{[%evp 11,106,-4,-2,0,0,-8,3,0,-4,-14,-18,-26,-9,-45,-31,-54,-55,-58,-62,-61,-37,-22,0,0,0,-1,0,0,0,-48,-41,-41,-43,-52,-50,-107,-123,-101,-37,-46,-44,-53,0,0,0,0,-6,0,0,0,0,0,0,0,27,9,17,-18,0,-10,33,39,62,70,103,0,0,-372,-35,-35,-44,-1605,-1547,-1516,-1395,-1600,-1534,-3206,-3227,-6560,-5941,-6729,-5427,-5941,-5414,-29977,-29978,-29981,-29982,-29985,-29986,-29987,-29988,-29993,-29994,-29996,-29991]} 1. d4 d5 2. Bf4 e6 3. e3 Bd6 4. Bg3 Nf6 5. Nd2 O-O 6. Ngf3 b6 7. c3 {D02: 1 d4 d5 2 Nf3 sidelines, including 2...Nf6 3 g3 and 2...Nf6 3 Bf4.} Bb7 8. Bd3 Ne4 9. Qc2 {[%cal Rd2e4] The position is equal.} f5 10. Be5 Nd7 {[#]} 11. O-O $146 ({Predecessor:} 11. g3 Qe7 12. O-O Qf7 13. Bf4 h6 14. Ne5 Bxe5 15. Bxe5 Nxe5 16. dxe5 Qg6 17. Be2 {½-½ (29) Knischka,W (1807)-Bhend,E (2097) Bad Woerishofen 2018}) 11... Qe7 12. b4 g5 (12... Nxe5 $2 13. dxe5 Rac8 14. Rab1 $18 (14. exd6 cxd6 15. Qb2 Nxc3 $18)) (12... Rac8 {is interesting.} 13. a4 g5 14. Bb5 c6 15. Bxd6 Nxd6 16. Be2 g4) 13. g3 Bxe5 (13... Nxe5 $2 14. dxe5 Rac8 15. Rab1 $18 (15. exd6 cxd6 16. Qb2 g4 $18)) 14. Nxe5 Nxe5 15. dxe5 Nxd2 {Black is more active.} 16. Qxd2 g4 17. Be2 c5 18. bxc5 bxc5 19. Rab1 Qc7 20. Qb2 (20. e4 $11 {deserves consideration.}) 20... Rab8 $15 21. Qa3 Ba8 (21... Qxe5 22. Qxa7 Rf7 23. Qxc5 $14) 22. Qa6 Bc6 23. a4 (23. h3 $15) 23... c4 $17 24. e4 fxe4 (24... Rbe8 $17) 25. Bxg4 $15 Kf7 26. f4 Ke7 (26... exf3 $15 27. Rxb8 (27. Rxf3+ Ke7 $11) 27... Rxb8) 27. Rb5 $1 $11 Rb6 28. Rxb6 Qxb6+ (28... axb6 $5 29. Rb1 Rb8 $11) 29. Qxb6 axb6 {[%mdl 4096] Endgame KRB-KRB} 30. Rb1 Bxa4 {[%cal Od5d4] White must now prevent ...d4!} 31. Rxb6 Bd7 32. Rb7 h5 (32... d4 $5) 33. Bxh5 Ra8 $1 34. Bg4 {Strongly threatening f5.} Kd8 (34... Ra3 $2 35. f5 Kd8 36. fxe6 Bxe6 37. Bxe6 $18) 35. h4 d4 (35... Ra1+ $11 {is more appropriate.} 36. Kg2 d4 37. Rb8+ (37. cxd4 $2 c3 $19) 37... Ke7) 36. Rb1 $1 $14 ({But not} 36. cxd4 $2 Ra1+ 37. Kf2 c3 $19) 36... Ra3 37. h5 $1 {Hoping for h6.} Rxc3 {[#]} 38. Kg2 ({White must play} 38. Kh2 $1 $16 {Threatens to win with h6.} Kc7 39. h6) 38... Rb3 $11 39. Rd1 {[%mdl 8192] [#]} (39. h6 $11 {and White stays safe.} Rxb1 40. h7) 39... d3 $2 (39... Rb2+ $1 $19 40. Kh3 d3) 40. h6 $15 {And now h7 would win.} Ke7 41. Rh1 $2 {[%mdl 8192] White does not recover from this.} (41. h7 $15 Rb8 42. Rc1) 41... Rb2+ $19 42. Kh3 c3 {[%cal Bc4c3,Bc3c2][%mdl 32] aiming for ...c2.} 43. h7 Rb8 44. Kg2 c2 {...d2 is the strong threat.} 45. Rc1 Rh8 46. Kf2 Rxh7 {( -> ...Ba4)} 47. Ke3 Rg7 48. Bh5 Rxg3+ {Black mates.} 49. Kxe4 Ba4 50. f5 exf5+ 51. Kf4 Rh3 52. Bg6 d2 53. e6 Kxe6 {Weighted Error Value: White=0.64/Black=0.20 (precise)} 0-1

[Event "Charlotte IM-C MLK 2022"]
[Site "Charlotte"]
[Date "2022.01.16"]
[Round "5.4"]
[White "Martin Del Campo Cardenas, Roberto Abel"]
[Black "Adewumi, Tanitoluwa"]
[Result "1-0"]
[WhiteElo "2261"]
[BlackElo "2136"]
[Annotator "TA"]
[PlyCount "43"]
[EventDate "2022.01.13"]
[EventType "tourn"]
[EventCountry "USA"]
[SourceTitle "playchess.com"]
[Source "ChessBase"]
[SourceQuality "1"]

{[%evp 10,43,0,0,11,7,13,-19,0,0,5,-56,253,254,247,208,191,208,346,302,449,453,449,445,549,525,514,533,616,607,926,890,922,829,1268,933]} 1. e4 c5 2. Nf3 e6 3. d3 Nc6 4. g3 g6 5. Bg2 Bg7 6. O-O Nf6 {A04: Unusual lines after 1 Nf3 and King's Indian Attack.} 7. c3 d6 {To avoid e5} 8. Nh4 e5 {[#] The position is equal.} 9. f4 $146 ({Predecessor:} 9. Na3 O-O 10. f4 exf4 11. gxf4 Nxe4 12. dxe4 Qxh4 13. Qxd6 Bh3 14. Bxh3 Qxh3 15. Qxc5 {½-½ (49) Bastian,H-Lehmann,K Berlin West 1976}) 9... exf4 10. gxf4 ({White should try} 10. Bxf4 $11 h6 11. Nf3) 10... Nxe4 $2 {[%mdl 8192] This move loses the game for Black.} 11. Qe1 $18 {[%mdl 64] [#] Pin, Zwischenzug} Be6 12. Bxe4 Bf6 13. Ng2 O-O (13... Qd7 $142 14. Nd2 O-O-O) 14. f5 Bd7 (14... gxf5 {was worth a try.} 15. Bxf5 Kh8) 15. Bh6 {White is clearly winning.} Re8 16. fxg6 fxg6 17. Qf2 Be5 18. Bxc6 Bxc6 19. d4 Bxh2+ 20. Kxh2 {[#] White wants to mate with Qf7+.} Qd7 {Inhibits Qf7+.} 21. Nd2 Bd5 22. Rae1 {Weighted Error Value: White=0.14 (very precise) /Black=0.73} 1-0

[Event "Charlotte IM-C MLK 2022"]
[Site "Charlotte"]
[Date "2022.01.16"]
[Round "6.1"]
[White "Fishbein, Mitch"]
[Black "Wu, Derek"]
[Result "0-1"]
[WhiteElo "2129"]
[BlackElo "2158"]
[Annotator "TA"]
[PlyCount "98"]
[EventDate "2022.01.13"]
[EventType "tourn"]
[EventCountry "USA"]
[SourceTitle "playchess.com"]
[Source "ChessBase"]
[SourceQuality "1"]

{[%evp 16,98,0,6,3,12,14,7,4,0,14,9,14,9,12,-14,-16,-29,-11,-29,-20,-55,-67,-70,-45,-82,-83,-81,-42,-168,-165,-169,-162,-237,-238,-250,-202,-232,-227,-332,-306,-318,-290,-301,-223,-227,-243,-227,-175,-177,-177,-164,-117,-136,-120,-129,-47,-84,-97,-92,-103,-119,-93,-333,-320,-611,-599,-610,-646,-729,-698,-754,-758,-1049,-1014,-1020,-1006,-2231,-2287,-2106,-2032,-2351,-2390,-29986,-1256]} 1. Nf3 Nf6 2. c4 e6 3. g3 d5 4. Bg2 Be7 5. O-O O-O 6. b3 b6 7. Bb2 Bb7 8. e3 c5 9. Nc3 Qc8 {A14: English Opening: 1...e6 with b3 by White.} 10. Qe2 Rd8 11. cxd5 Nxd5 {The position is equal.} 12. Nxd5 {[#]} exd5 $146 ({Predecessor:} 12... Bxd5 13. Rfd1 Qb7 14. d3 Nd7 15. Rac1 a5 16. e4 Bc6 17. Ne5 Nxe5 18. Bxe5 Bd6 {½-½ (28) Buchal,S (2299)-Wachinger,N (2360) Hamburg 2018}) 13. Rfd1 Ba6 14. d3 Nc6 {[%cal Bb8c6,Bc6a5,Ba5b3,Bb3d2][%mdl 32]} 15. a3 Qe6 16. Qc2 Rac8 17. Rac1 d4 (17... g5 {is interesting.} 18. Qc3 d4 19. exd4 Nxd4 20. Re1 Bf6) 18. e4 b5 19. Rb1 Na5 20. Bc1 {[#]} c4 $1 {[%cal Ra5b3] Black is more active.} 21. b4 Nb3 22. Nd2 (22. Bf4 $15) 22... Nxd2 $19 23. Bxd2 Bb7 24. Be1 (24. f4 $142) 24... c3 25. f4 Qb6 26. Rdc1 a5 27. Qb3 (27. Bf2 {was worth a try.}) 27... Ra8 28. Bf2 {[%cal Oc1c3]} Qd6 29. Ra1 Qe6 ({Wrong is} 29... axb4 $2 30. e5 Qc7 31. Bxb7 Qxb7 32. axb4 $19) 30. Qxe6 fxe6 {[%cal Bf7e6,Be6e5][%mdl 32]} 31. Bf3 {[%cal Bg2f3,Bf3d1,Bd1b3][%mdl 32]} e5 32. Bd1 axb4 33. Bb3+ Kf8 (33... Kh8 $19 34. axb4 Bxb4 35. fxe5 Bc5) 34. axb4 $17 Bxb4 35. fxe5 Ra3 (35... Bc5 $17 {Strongly threatening ...b4.} 36. g4 h6) 36. Rxa3 $15 Bxa3 37. Rf1 Ke8 38. g4 Rc8 {aiming for ...c2.} 39. Bc2 $2 ({Don't go for} 39. Bxd4 $2 c2 40. Be3 (40. Bf7+ $2 Ke7 $19) 40... Rc3 41. Bf7+ Kd7 $19) (39. Ra1 $17 Bb2 40. Ra7) 39... Bc5 $19 40. Bg3 $2 {[#]} (40. Ra1 Ra8 41. Rxa8+ Bxa8 42. h3) 40... Bxe4 $1 {[%mdl 512]} 41. e6 (41. Re1 Bd5) 41... Bd5 42. Rf7 Bxe6 43. Rxg7 Ra8 {And now ...Ra1+ would win.} 44. Rc7 Ra1+ 45. Kf2 Be7 46. Kf3 Bd5+ 47. Ke2 Ra2 48. Kd1 Bf3+ 49. Kc1 Bg5+ {Weighted Error Value: White=0.66/Black=0.11 (very precise)} (49... Ba3+ $142 50. Kb1 Rb2+ 51. Ka1 Rxc2 52. Kb1 Rb2+ 53. Ka1 Rg2 54. Rc8+ Kd7 55. Rc7+ Kd8 56. h3 Bd5 57. Rc4 bxc4 58. Bh4+ Kd7 59. dxc4 Bxc4 60. Bf2 Rxf2 61. Kb1 c2+ 62. Ka1 c1=Q#) 0-1

[Event "Charlotte IM-C MLK 2022"]
[Site "Charlotte"]
[Date "2022.01.16"]
[Round "6.3"]
[White "Vanapalli, Vishnu"]
[Black "Martin Del Campo Cardenas, Roberto Abel"]
[Result "1-0"]
[WhiteElo "2101"]
[BlackElo "2261"]
[Annotator "TA"]
[PlyCount "66"]
[EventDate "2022.01.13"]
[EventType "tourn"]
[EventCountry "USA"]
[SourceTitle "playchess.com"]
[Source "ChessBase"]
[SourceQuality "1"]

{[%evp 21,66,51,66,55,98,79,108,102,113,100,85,56,218,219,220,228,228,227,296,296,387,338,349,320,345,338,599,564,566,567,540,546,506,391,391,387,385,385,641,417,391,365,391,352,485,484,561]} 1. c4 g6 2. g3 Bg7 3. d4 Nf6 4. Bg2 d6 5. Nc3 O-O 6. Nf3 c6 7. O-O Qa5 8. e4 Bg4 9. h3 Bxf3 10. Bxf3 Nfd7 {[%cal Bf6d7,Bd7c5,Bc5d3][%mdl 32]} 11. Be3 a6 12. Rc1 {E62: King's Indian: Fianchetto: 6...c6 and Panno Variation (6...Nc6) without ...a6.} c5 (12... b5 $14) 13. e5 $1 $16 {[#]} dxe5 $146 ({Predecessor:} 13... cxd4 14. Bxd4 dxe5 15. Be3 Nc5 16. Nd5 Nc6 17. b4 Nxb4 18. Bd2 Ncd3 19. Rb1 Qxa2 20. Nxb4 Nxb4 21. Bxb4 Qxc4 22. Bxe7 Rfe8 23. Bd5 Qd4 24. Rxb7 Rab8 25. Bxf7+ Kh8 26. Qb3 {1-0 (26) Golubovic,B (2462)-Gross,D (2472) Leipzig 2002}) 14. dxc5 {White is more active. White is better.} (14. Bxb7 Ra7 15. dxc5 (15. b4 $2 cxb4 16. Nd5 Rxb7 $19) 15... Rxb7 $17) 14... e4 15. Bxe4 Nxc5 16. Bg2 {Strongly threatening Nd5. This bishop pair is nice.} Rd8 {[#] This move loses the game for Black.} ({Black should try} 16... Nc6 $14) 17. Nd5 $1 $18 {And now b4 would win.} Nc6 {[#] Inhibits b4.} 18. b4 $1 Nxb4 {Hoping for ...e6.} 19. Qd2 ({Resist} 19. Nxe7+ Kh8 20. Nd5 Nc6 $16) 19... Ncd3 20. Rb1 ({Weaker is} 20. Nxe7+ Kf8 21. Rb1 Kxe7 $14) 20... Rxd5 21. cxd5 Rc8 22. Rb3 Rc2 23. Qd1 Rc3 (23... Rxa2 {was worth a try.} 24. Rxd3 Nxd3) 24. Rxc3 Bxc3 25. Qb3 Bb2 26. Rd1 Qa3 27. Qxa3 Bxa3 28. Rb1 Nc2 29. Rb3 Nde1 (29... Nc1 30. Rxa3 (30. Rxb7 Nxe3 31. fxe3 Nxa2 $16) 30... Nxa3 31. Bxc1 Nb5) 30. Be4 Bd6 31. Bd2 f5 32. Bh1 a5 33. Bxa5 f4 {Weighted Error Value: White=0.21 (precise) /Black=0.52} 1-0

[Event "Charlotte IM-C MLK 2022"]
[Site "Charlotte"]
[Date "2022.01.16"]
[Round "6.4"]
[White "Sethuraman, Sandeep"]
[Black "Boehme, Sebastian"]
[Result "1/2-1/2"]
[WhiteElo "2361"]
[BlackElo "2170"]
[Annotator "ChessBase"]
[PlyCount "39"]
[EventDate "2022.01.13"]
[EventType "tourn"]
[EventCountry "USA"]
[TimeControl "5400+30"]

1. d4 {[%emt 0:00:01]} e6 {[%emt 0:00:18]} 2. c4 {[%emt 0:00:06]} Nf6 {[%emt 0:00:12]} 3. Nc3 {[%emt 0:00:06]} d5 {[%emt 0:00:29]} 4. cxd5 {[%emt 0:00:05]} Nxd5 {[%emt 0:00:06]} 5. e4 {[%emt 0:00:06]} Nxc3 {[%emt 0:00:12]} 6. bxc3 {[%emt 0:00:04]} c5 {[%emt 0:00:26]} 7. Nf3 {[%emt 0:00:05]} cxd4 {[%emt 0:00:03]} 8. cxd4 {[%emt 0:00:05]} Bb4+ {[%emt 0:00:12]} 9. Bd2 {[%emt 0:00:04]} Bxd2+ {[%emt 0:00:06]} 10. Qxd2 {[%emt 0:00:06]} O-O {[%emt 0:00:21]} 11. Bc4 {[%emt 0:00:28]} Nd7 {[%emt 0:00:16]} 12. O-O {[%emt 0:00:14]} b6 {[%emt 0:00:09]} 13. Rfe1 {[%emt 0:06:49]} Bb7 {[%emt 0:00:01]} 14. Rad1 {[%emt 0:07:44]} Rc8 {[%emt 0:00:01]} 15. Bb3 {[%emt 0:00:31]} Re8 {[%emt 0:00:16]} 16. Qd3 {[%emt 0:07:05]} Qc7 {[%emt 0:14:36]} 17. Nd2 {[%emt 0:09:57]} Red8 {[%emt 0:14:38]} 18. Qb1 {[%emt 0:07:37]} Nf6 {[%emt 0:06:02]} 19. Nf1 {[%emt 0:00:59]} b5 {[%emt 0:04:47]} 20. d5 {[%emt 0:17:17]} 1/2-1/2